David Elginbrod / (Record no. 158332)

MARC details
000 -LEADER
campo de control de longitud fija 00676nam a22001935i 4500
001 - NÚMERO DE CONTROL
campo de control 158332
003 - IDENTIFICADOR DE NÚMERO DE CONTROL
campo de control ES-MaACL
005 - FECHA Y HORA DE LA ÚLTIMA TRANSACCIÓN
campo de control 20230906211111.0
008 - DATOS DE LONGITUD FIJA--INFORMACIÓN GENERAL
campo de control de longitud fija 040830s1871 gw |||| | eng d
040 ## - FUENTE DE CATALOGACIÓN
Centro catalogador/agencia de origen CAM
Lengua de catalogación spa
Centro/agencia transcriptor CAM
100 1# - ENTRADA PRINCIPAL--NOMBRE DE PERSONA
Nombre de persona MacDonald, George (
Fechas asociadas al nombre 1824-1905)
9 (RLIN) 75110
245 10 - MENCIÓN DEL TÍTULO
Título David Elginbrod /
Mención de responsabilidad, etc. by George Mac Donald.
260 ## - PUBLICACIÓN, DISTRIBUCIÓN, ETC.
Lugar de publicación, distribución, etc. Leipzig :
Nombre del editor, distribuidor, etc. Bernhard Tauchnitz,
Fecha de publicación, distribución, etc. 1871.
300 ## - DESCRIPCIÓN FÍSICA
Extensión 2 v. (326; 311 p.) ;
Dimensiones 16 cm.
490 1# - MENCIÓN DE SERIE
Mención de serie Collectin of british authors ;
Designación de volumen o secuencia 1189; 1190
830 0# - PUNTO DE ACCESO ADICIONAL DE SERIE-TÍTULO UNIFORME
Título uniforme Collectin of british authors ;
Designación de volumen o secuencia 1189; 1190
9 (RLIN) 188157
852 ## - LOCALIZACIÓN
Ubicación ES-MaACL
Número de control de estantería G-11814
Nota libre -- Enc. hol. conservando la cub. original
-- -- 2 t. en 1 v.
Holdings
Estatus retirado Estado de pérdida Estado de daño No para préstamo Colección Biblioteca de origen Biblioteca actual Ubicación en estantería Fecha de adquisición Fuente de adquisición Total de préstamos Signatura topográfica completa Código de barras Visto por última vez Precio de reemplazo Tipo de ítem Koha
        Libros del s. XIX Biblioteca del Ateneo de Madrid Biblioteca del Ateneo de Madrid Sala Pecera Planta 3 17/01/2008     G-11814 1165712 23/02/2023 23/02/2023 Libro impreso antiguo